MARC

LEADER 00000nab a2200000 a 4500
001 vtls000315816
003 SK-MaSNL
005 20260303180407.0
008 230313c1978 xo 0 slo
015 |a SNBRB19rr/mm-uuuuu 
035 |a CL0005908 
035 |a urn:nbn:sk:snk-abbi2f 
035 |a (urnnbn)urn:nbn:sk:snk:ar-00481o 
035 |a (uuid)3eb5f5d2-e1e8-488e-b8fb-262780fc5b9b 
040 |a SNKBUCL  |b slo  |c SNKBUCL  |e AACR2 
041 0 |a slo 
044 |a xo  |c SK 
080 |a 82(091):882"19":92  |2 1981 
080 |a 882"19"  |2 1981 
080 |a 882(091)"19"  |2 1981 
080 |a 92 Krupin, Vladimir  |2 1981 
245 0 0 |a Keď F. Kuznecov..  |c J.R. 
600 1 7 |a Krupin, Vladimir  |2 snkbucl  |9 925532 
650 0 7 |a sovietska literatúra  |2 snkbucl  |9 22300 
650 0 7 |a sovietski spisovatelia  |2 snkbucl  |9 159392 
655 7 |a články z novín a časopisov  |2 snkbucl  |9 267496 
655 7 |a články z odboru literárna veda a krásna literatúra  |2 snkbucl  |9 770045 
773 0 |t Revue svetovej literatúry  |g Roč. 14, č. 1 (1978), s. 94 
850 |a Slovenská národná knižnica v Martine  |a MTA001 
852 |a SNK  |b KIS3GCP 
958 |a RK 
958 |a LX 
958 |a SK 
958 |a OND 
958 |a EUIPO 
958 |a article15 
999 |c 2106145  |d 2108075